000 01790aam a2200373 a 4500
003 BLK
005 20250707084019.0
008 180605b bul||||| |||| 00| 0 bul d
020 _a9789544748807
040 _aBLK
041 _aBUL
_cBUL
072 _9178250
_aН17
_xЕтика Н
080 _aМорал и общество. Човешки отношения. Уважение. Независимост. Вж и 395
_b177
_z177
080 _aИндивидуална психология. Психология на личността. Индивидуалност. Психология на характера. Характерология. Психологическа типология
_b159.923
_z159.923
080 _aСоциално поведение. Социална психология
_b316.6
_z316.6
100 _aКарнеги, Дейл
_eпърви автор
_91299
139 _aКарнеги, Дейл
_bК 41
245 _aКак да печелим приятели и да влияем на другите в дигиталната ера
_cДейл Карнеги ; прев. от англ. Златина Сакалова
250 _aНово изд.
260 _bКибеа
_c2020
_aСофия
_fСофия : Инвестпрес
300 _a318 с.
_c20 см
380 _a1
650 7 _9160687
_aЛичност - психология
650 7 _9164793
_aОбщуване - психология
650 7 _9166567
_aПоведение
700 _9966
_aСакалова, Златина
_eпрев.
765 _aHow to Win Friends & Influence People
_cCarnegie, Dale
852 _bП
942 _cKNG
_2udc
_n0
_025
_s1
944 _aCR
_k30545
_lНора Радева
999 _c392512
_d392512
999 _d392512
999 _d392512
999 _d322630